Something wonderful / (Record no. 589500)

000 -LEADER
fixed length control field 00851cam a22002893a 4500
001 - CONTROL NUMBER
control field 16403564
003 - CONTROL NUMBER IDENTIFIER
control field NUST
005 - DATE AND TIME OF LATEST TRANSACTION
control field 20220509102632.0
008 - FIXED-LENGTH DATA ELEMENTS--GENERAL INFORMATION
fixed length control field 880412s1988 nyu 000 1 eng d
010 ## - LIBRARY OF CONGRESS CONTROL NUMBER
LC control number 00520742
020 ## - INTERNATIONAL STANDARD BOOK NUMBER
International Standard Book Number 0671637797 (pbk.) :
Terms of availability $3.95
035 ## - SYSTEM CONTROL NUMBER
System control number (OCoLC)ocm17781285
038 ## - RECORD CONTENT LICENSOR
Staff Name Arshad
040 ## - CATALOGING SOURCE
Original cataloging agency MNL
Transcribing agency MNL
Modifying agency GZS
-- JBL
-- OCLCQ
-- DLC
050 00 - LIBRARY OF CONGRESS CALL NUMBER
Classification number CPB Box no. 1702 vol. 3
082 ## - DEWEY DECIMAL CLASSIFICATION NUMBER
Classification number 813.54
Author Mark MCN
100 1# - MAIN ENTRY--PERSONAL NAME
Personal name McNaught, Judith.
9 (RLIN) 91306
245 10 - TITLE STATEMENT
Title Something wonderful /
Statement of responsibility, etc. Judith McNaught.
260 ## - PUBLICATION, DISTRIBUTION, ETC.
Place of publication, distribution, etc. New York :
Name of publisher, distributor, etc. Pocket,
Date of publication, distribution, etc. 1988.
300 ## - PHYSICAL DESCRIPTION
Extent 418 p. ;
Dimensions 18 cm.
563 ## - BINDING INFORMATION
Binding note PBK
655 #7 - INDEX TERM--GENRE/FORM
Genre/form data or focus term Love stories.
Source of term gsafd
655 #7 - INDEX TERM--GENRE/FORM
Genre/form data or focus term Historical fiction.
Source of term gsafd
710 2# - ADDED ENTRY--CORPORATE NAME
Corporate name or jurisdiction name as entry element Copyright Paperback Collection (Library of Congress)
Institution to which field applies DLC
906 ## - LOCAL DATA ELEMENT F, LDF (RLIN)
a 7
b cbc
c copycat
d 2
e ncip
f 20
g y-genrareb
942 ## - ADDED ENTRY ELEMENTS (KOHA)
Source of classification or shelving scheme
Koha item type Book
Holdings
Withdrawn status Lost status Source of classification or shelving scheme Damaged status Not for loan Permanent Location Current Location Shelving location Date acquired Total Checkouts Full call number Barcode Date last seen Price effective from Koha item type
          Central Library (CL) Central Library (CL) Fiction 05/09/2022   813.54 MCN CL1992 05/09/2022 05/09/2022 Book
© 2023 Central Library, National University of Sciences and Technology. All Rights Reserved.